000 00312nam a2200133Ia 4500
005 20251222155133.0
008 251222s9999||||xx |||||||||||||| ||spa||
082 _aRE.115.2
100 _aVIGANO, Angel.
245 0 _aLas Bienaventuranzas del Reino
250 _a1ra. ed.
264 _bSalesiana
942 _cLIB
999 _c38876
_d38876